[Event "30/move"]
[Site "?"]
[Date "2006.03.31"]
[Round "1"]
[White "Mephisto Milano Pro"]
[Black "Mephisto Modena"]
[Result "1-0"]
[WhiteElo "2124"]
[BlackElo "1983"]
[PlyCount "59"]
[EventDate "2006.03.31"]
[EventType "tourn (rapid)"]
[EventRounds "20"]
[EventCountry "NED"]
[SourceDate "2006.03.12"]

1. d4 d5 2. c4 e5 3. dxe5 d4 4. Nf3 Nc6 5. g3 Be6 6. Nbd2 Qd7 7. Bg2 {
Milano Pro letzter Buchzug} Nge7 {Modena letzter Buchzug} 8. Ng5 ({RR} 8. O-O
Ng6 ({RR} 8... Bh3 9. Nb3 Bxg2 10. Kxg2 Rd8 11. Nc5 Qc8 12. Nd3 h6 13. b4 Ng6
14. b5 Nb4 15. Bd2 Nxd3 16. exd3 Bc5 17. Re1 O-O 18. Re4 f5 19. exf6 Rxf6 20.
Ne5 Rdf8 21. f4 Nxe5 22. Rxe5 Bd6 23. Re4 {
Dobrov,V-Elfert,A/St Petersburg 2003/EXT 2004/1-0 (39)}) 9. Ng5 Ngxe5 10. Nxe6
Qxe6 11. Nf3 O-O-O 12. Qb3 Na5 13. Qb5 Nxf3+ 14. Bxf3 Nc6 15. Bd5 Qd7 16. Rd1
a6 17. Qb3 Bc5 18. Qf3 Kb8 19. Bf4 f6 20. b4 Bd6 21. b5 axb5 22. cxb5 Na5 {
Hort,V-Gasic,B/Sarajevo 1972/MCD/1-0}) 8... Bf5 $146 ({RR} 8... O-O-O 9. Qa4
Kb8 10. Nxe6 Qxe6 11. Nf3 h6 12. Bd2 g5 13. h3 Nc8 14. Rc1 Nb6 15. Qb3 Bc5 16.
a4 a5 17. O-O Bb4 18. Bxb4 Nxb4 19. Nd2 d3 20. Rfe1 c5 21. Rc3 Nc2 22. Rxc2
dxc2 23. Qxc2 {Paldanius,P-Manninen,M/Tampere 1996/EXT 99/1-0 (49)}) 9. O-O Ng6
10. Bd5 Ngxe5 11. Ndf3 Bc5 12. Nxe5 Nxe5 13. Bf4 f6 14. Bxe5 fxg5 15. Bxd4 Bxd4
16. Qxd4 c6 17. Qe5+ Kf8 18. Rad1 Qc8 19. f4 cxd5 20. fxg5 Kg8 21. Rxf5 Qd7 22.
Rxd5 Qe8 23. Qd4 g6 24. Rfe5 Qc8 25. Re7 Qf8 26. Rdd7 {# in 5} Qf1+ {
Modena gibt auf} 27. Kxf1 Rf8+ 28. Kg2 Rf2+ 29. Kxf2 b6 30. Qg7# {08:53 - ??:??
} 1-0

[Event "30/move"]
[Site "?"]
[Date "2006.03.31"]
[Round "2"]
[White "Mephisto Modena"]
[Black "Mephisto Milano Pro"]
[Result "0-1"]
[WhiteElo "1983"]
[BlackElo "2124"]
[PlyCount "82"]
[EventDate "2006.03.31"]
[EventType "tourn (rapid)"]
[EventRounds "20"]
[EventCountry "NED"]
[SourceDate "2006.03.12"]

1. e4 e5 2. Nf3 Nf6 3. d4 exd4 4. e5 Ne4 5. Qxd4 d5 6. exd6 Nxd6 7. Nc3 Nc6 8.
Qf4 g6 9. Bd3 Bg7 10. O-O {Modena letzter Buchzug} O-O {
Milano Pro letzter Buchzug} 11. Rd1 $146 ({RR} 11. Be3 Qf6 ({RR} 11... h6 12.
Rad1 {1/2-1/2 Muhamedzjanov,N-Suetin,A/Nabereznye Chelny 1993/CBM 37}) ({RR} 
11... b6 12. Rad1 Bb7 13. a3 Qe7 14. Nd5 Qd8 15. Ng5 Ne5 16. Be2 Bxd5 17. Rxd5
Qf6 18. Qxf6 Bxf6 19. b3 Nf5 20. Bf4 c6 21. Rxe5 Bxe5 22. Bxe5 Rfe8 23. Nf3 Nd4
24. Nxd4 Rxe5 25. Bf3 Rae8 26. Nxc6 {
Ambrose,A-Purry,C/Monmouth 2002/EXT 2004/1-0 (37)}) ({RR} 11... a6 12. Rad1 Be6
13. Bc5 Qf6 14. Bxd6 cxd6 15. Qxd6 Ne5 16. Nxe5 Qxe5 17. Qb6 Qd4 18. Qxb7 Rab8
19. Qxa6 Rxb2 20. Ne2 Qc5 21. a4 Bc8 22. Qc4 Qxc4 23. Bxc4 Rxc2 24. Rc1 Rd2 25.
Rfd1 Rfd8 26. Rxd2 {Vujacic,B-Schaufelberger,H/Groningen 1969/EXT 2000/1/2-1/2}
) 12. Nd5 ({RR} 12. Qg3 Ne5 13. Nxe5 Qxe5 14. Bf4 Qc5 15. Rfe1 Bf5 16. Rad1
Rfe8 17. Be3 Qa5 18. Qg5 Bxc3 19. bxc3 Qxc3 20. h4 Bxd3 21. cxd3 Re6 22. Rc1
Qxd3 23. Rxc7 Qf5 24. Rd1 Rae8 25. Qxf5 Nxf5 26. Rxb7 Nxe3 {
Theissen,H-Hacker,C/Muenster 1990/EXT 97/1/2-1/2 (44)}) 12... Qd8 13. Bc5 Re8
14. Nxc7 Qxc7 15. Bxd6 Qb6 16. Ng5 Be6 17. Rae1 Qxb2 18. Rxe6 fxe6 19. Bxg6 Qf6
20. Bxh7+ Kh8 21. Qg4 Bh6 22. h4 e5 23. Qh5 Kg7 24. Bd3 Rh8 25. Ne4 Qe6 {
Olafsson,F-Lopez Garcia,R/Berg en Dal  1960/EXT 2001/1-0}) 11... Re8 12. Be3
Ne5 13. Nxe5 Bxe5 14. Qb4 a5 15. Qc5 b6 16. Qc6 Bb7 17. Qa4 Qf6 18. Qb3 Qh4 19.
h3 Rad8 20. Nb5 a4 21. Qa3 c6 22. Nc7 Re7 23. Bxb6 Nc8 24. Ne6 Rd6 25. g3 Bxg3
26. Ba6 Red7 27. Qf3 Bxa6 28. Bd4 fxe6 29. fxg3 Qd8 30. b4 Rxd4 31. Rxd4 Qb6
32. c3 Rxd4 33. Kg2 Rd2+ 34. Kh1 Bc4 35. Rd1 Rxd1+ 36. Qxd1 Bd5+ 37. Qxd5 cxd5
38. Kg2 Nd6 39. h4 Ne4 40. c4 Qf2+ 41. Kh3 Qxg3# {??:?? - 14:42} 0-1

[Event "30/move"]
[Site "?"]
[Date "2006.03.31"]
[Round "3"]
[White "Mephisto Milano Pro"]
[Black "Mephisto Modena"]
[Result "1-0"]
[WhiteElo "2124"]
[BlackElo "1983"]
[PlyCount "125"]
[EventDate "2006.03.31"]
[EventType "tourn (rapid)"]
[EventRounds "20"]
[EventCountry "NED"]
[SourceDate "2006.03.12"]

1. e4 e5 2. Nf3 Nc6 3. Bc4 Bc5 4. c3 Nf6 5. d3 d6 6. b4 Bb6 7. a4 a6 8. O-O O-O
9. Nbd2 Ne7 10. Bb3 {Milano Pro letzter Buchzug} Ng6 {Modena letzter Buchzug}
11. a5 $146 ({RR} 11. d4 Bg4 12. Qc2 Nh5 ({RR} 12... Qc8 13. dxe5 dxe5 14. Kh1
h6 15. Ng1 Be6 16. Nc4 Ba7 17. Nf3 Re8 18. Ba2 b5 19. Ne3 Bxa2 20. Rxa2 Qe6 21.
Re1 Nf4 22. Ra1 Bxe3 23. Rxe3 Rad8 24. h3 N6h5 25. Nd2 Qg6 26. g4 Rd6 27. Ba3 {
Womacka,M-Schoene,R/Karl-Marx-Stadt 1990/CBM 18 ext/0-1 (36)}) 13. h3 Bxf3 14.
Nxf3 Nhf4 15. a5 Ba7 16. Kh2 Qf6 17. Qd1 Nh4 18. Nxh4 Qxh4 19. Qf3 Ne6 20. g3
Qe7 21. d5 Nd8 22. Be3 Bxe3 23. Qxe3 f5 24. exf5 Rxf5 25. Bc2 Rf6 {
Kulagin,M-Lekic,D/Ikaros 2003/CBM 95 ext/0-1 (31)}) 11... Ba7 12. Nc4 Bg4 13.
h3 Bh5 14. Bg5 h6 15. Bxf6 Qxf6 16. g4 Nf4 17. gxh5 Nxh3+ 18. Kg2 Nf4+ 19. Kh2
Nxh5 20. Ra2 Nf4 21. Rg1 Rfe8 22. Ne3 Bxe3 23. fxe3 Ne6 24. Rag2 Rad8 25. Bd5
c6 26. Bxe6 Rxe6 27. Rxg7+ Qxg7 28. Rxg7+ Kxg7 29. Nh4 Rg8 30. Kh3 Kh7 31. Qf3
Kg7 32. d4 Rf6 33. Qh5 Kf8 34. Nf3 exd4 35. exd4 Kg7 36. e5 dxe5 37. Qxe5 Re8
38. Qxe8 Rxf3+ 39. Kh2 Rxc3 40. Qe7 Rc2+ 41. Kh1 Rc1+ 42. Kg2 Rc2+ 43. Kf1 Rc3
44. Qxb7 Rc1+ 45. Ke2 Rb1 46. Qxa6 Rxb4 47. Qxc6 Rb2+ 48. Kf3 h5 49. Qd5 Rc2 {
Modena gibt auf} 50. Qe5+ Kf8 51. a6 Rc3+ 52. Kf4 Rc1 53. Qb8+ Ke7 54. a7 Ra1
55. a8=R Rxa8 56. Qxa8 Kd6 57. Qd8+ Kc6 58. Ke4 h4 59. Qxh4 Kd7 60. Kd5 f5 61.
Qh7+ Kc8 62. Kc6 {# in 2} Kd8 63. Qd7# {26:14 - ??:??} 1-0

[Event "30/move"]
[Site "?"]
[Date "2006.03.31"]
[Round "4"]
[White "Mephisto Modena"]
[Black "Mephisto Milano Pro"]
[Result "0-1"]
[WhiteElo "1983"]
[BlackElo "2124"]
[PlyCount "162"]
[EventDate "2006.03.31"]
[EventType "tourn (rapid)"]
[EventRounds "20"]
[EventCountry "NED"]
[SourceDate "2006.03.12"]

1. c4 c5 2. Nf3 Nc6 3. d4 {Modena verlässt Buch} cxd4 4. Nxd4 {
Modena zurück im Buch} Nf6 5. Nc3 e6 6. Ndb5 d6 7. Bf4 e5 8. Bg5 a6 9. Bxf6
gxf6 10. Na3 {Modena letzter Buchzug} f5 {Milano Pro letzter Buchzug} 11. g3 ({
RR} 11. Qd2 Be6 12. Rd1 Qf6 13. Nd5 Bxd5 14. cxd5 Bh6 15. e3 Ne7 16. Qb4 O-O
17. Be2 b5 18. O-O Kh8 19. Nb1 Rg8 20. a4 bxa4 21. Qxa4 Ng6 22. Nc3 f4 23. Kh1
Rab8 24. Ne4 Qe7 25. Qxa6 Rxb2 {
Bromann,T-Korolev,N/Taastrup 2002/CBM 91 ext/1-0}) 11... Qb6 $146 ({RR} 11...
Bg7 12. Bg2 O-O 13. O-O Be6 14. Qd2 e4 ({RR} 14... Qa5 15. Rfd1 e4 16. Rac1
Rac8 17. Bh3 Nd4 18. Kf1 f4 19. Bxe6 fxe6 20. gxf4 Qh5 21. Kg2 Nf3 22. exf3
Qxf3+ 23. Kg1 Rxf4 24. Qe3 Rg4+ 25. Kf1 Qxe3 26. fxe3 Rf8+ 27. Ke1 Rg1+ {
1/2-1/2 Gorenstein,R-Stoliarov,L/Dnepropetrovsk 1966/EXT 2001}) 15. Rad1 Rc8
16. f3 exf3 17. Bxf3 Qb6+ 18. Kh1 Ne5 19. Nd5 Bxd5 20. Bxd5 Ng4 21. Rb1 {
1/2-1/2 Belozerov,A-Iljushin,A/Elista 2001/CBM 83}) ({RR} 11... Be6 12. Bg2 Bg7
13. Qd2 O-O 14. Rd1 Qa5 15. Nd5 Qxd2+ 16. Rxd2 Rac8 17. O-O e4 18. Nb6 Rcd8 19.
Rfd1 Be5 20. Nb1 Na5 21. b3 Nc6 22. e3 Nb4 23. f3 exf3 24. Bxf3 Nc6 25. a3 a5
26. Rd3 {Milovanovic,R-Andrews,T/Internet ICC 2000/EXT 2001/1/2-1/2 (60)}) 12.
Rb1 Be6 13. Bg2 O-O-O 14. O-O h5 15. Nd5 Qd4 16. Nc2 Qxd1 17. Rfxd1 h4 18. a3
hxg3 19. hxg3 Bg7 20. b4 Kd7 21. b5 axb5 22. cxb5 Na5 23. Nce3 Bh6 24. b6 Rc8
25. Nf6+ Kd8 26. Rb5 Nc6 27. Nc2 Bg5 28. Nd5 Kd7 29. f4 exf4 30. Nxf4 Bf6 31.
Nd5 Be5 32. Kf2 Rh2 33. Rd3 Rch8 34. Kg1 f6 35. a4 Bf7 36. a5 Bh5 37. Rd2 Bg4
38. Nce3 Bd4 39. Rb1 Bc5 40. a6 Ne7 41. Nxf6+ Ke6 42. Nfxg4 fxg4 43. Rd3 Nf5
44. Rbb3 bxa6 45. b7 Nxe3 46. Rxe3+ Kf6 47. Kf1 Bxe3 48. Rxe3 R2h5 49. Re4 Rf5+
50. Ke1 Rg5 51. Rc4 Rb8 52. Rc6 Rxb7 53. Rxd6+ Ke7 54. Rxa6 Rb1+ 55. Kd2 Rg1
56. Ra7+ Kd6 57. Ra6+ Kc7 58. Ra7+ Kb6 59. Rb7+ Kc5 60. Ra7 Re5 61. Ra5+ Kd6
62. Ra6+ Kc7 63. Ba8 Rxg3 64. Rg6 Kd7 65. e4 Rh5 66. Ke1 Rg2 67. Kf1 Ra2 68.
Bc6+ Kc7 69. e5 Rhh2 70. Kg1 {Modena gibt auf} Rhb2 71. Bb5 Rxb5 72. Rg7+ Kc6
73. Rf7 Rbb2 74. e6 g3 75. Rf8 g2 76. Rc8+ Kb7 77. Rc1 Ra4 78. Rd1 Rh4 {# in 4}
79. Rd7+ Kc6 80. Rc7+ Kxc7 81. e7 Rh1# {??:?? - 35:01} 0-1

[Event "30/move"]
[Site "?"]
[Date "2006.03.31"]
[Round "5"]
[White "Mephisto Milano Pro"]
[Black "Mephisto Modena"]
[Result "1-0"]
[WhiteElo "2124"]
[BlackElo "1983"]
[PlyCount "141"]
[EventDate "2006.03.31"]
[EventType "tourn (rapid)"]
[EventRounds "20"]
[EventCountry "NED"]
[SourceDate "2006.03.12"]

1. d4 f5 2. Bg5 g6 3. Nc3 Bg7 4. Nf3 Nf6 5. Bxf6 Bxf6 6. e4 d6 {
Modena letzter Buchzug} ({RR} 6... e6 7. Qd2 d5 8. exd5 exd5 9. Bd3 O-O 10. O-O
Nc6 11. Bb5 Na5 12. Rfe1 a6 13. Bf1 Nc4 14. Bxc4 dxc4 15. Qe2 b5 16. a4 Rb8 17.
axb5 axb5 18. h4 Rb6 19. h5 Bb7 20. hxg6 hxg6 21. Rad1 {
Pelikian,J-Matsuura,E/Americana 2000/EXT 2001/1/2-1/2 (46)}) 7. Bd3 {
Milano Pro letzter Buchzug} ({RR} 7. Bc4 e6 8. exf5 gxf5 9. Qd2 d5 10. Bd3 Nc6
11. Bb5 Bd7 12. O-O-O Qe7 13. Rhe1 O-O-O 14. Nxd5 Qg7 15. Nxf6 Qxf6 16. Ne5
Nxe5 17. dxe5 Qg7 18. Bxd7+ Rxd7 19. Qxd7+ Qxd7 20. Rxd7 Kxd7 21. Kd2 Rg8 {
Miliutin,R-Tsirulnik,M/Dniepropetrovsk 2003/EXT 2004/1/2-1/2 (47)}) 7... Nc6
$146 ({RR} 7... fxe4 8. Nxe4 Nc6 ({RR} 8... Bg7 9. h4 Nc6 10. c3 Bg4 11. Neg5
O-O 12. Qb3+ d5 13. Qxb7 Qd6 14. Qb3 e5 15. dxe5 Nxe5 16. O-O-O Rab8 17. Qc2
Bh6 18. Be2 Bxf3 19. Bxf3 Nxf3 20. gxf3 Bxg5+ 21. hxg5 Rxf3 22. Qd2 c6 23. Rh4
{Zebelys,R-Marcinkevicius,J/Radviliskis 1995/EXT 97/0-1 (50)}) 9. c3 e5 10. Bb5
exd4 11. Nxd4 O-O 12. Nxc6 bxc6 13. Qb3+ Kg7 14. Bxc6 Bg4 15. Qc4 Rb8 16. O-O
Rxb2 17. Rab1 Rxb1 18. Rxb1 Bc8 19. Rb8 Qe7 20. Qb4 Ba6 21. Rxf8 Qxf8 22. Qa5 {
Vaganian,R-Borngaesser,R/Teeside 1974/EXT 99/1-0 (31)}) ({RR} 7... c5 8. exf5
cxd4 9. Ne2 Qa5+ 10. Qd2 Qxd2+ 11. Kxd2 Nc6 12. fxg6 hxg6 13. Bxg6+ Kd8 14. Bd3
e5 15. h4 Bg4 16. Ng5 Rxh4 {1/2-1/2 Royo Moya,M-Sanz,A/Zaragoza 1990/EXT 2004})
8. Bb5 O-O 9. O-O Bd7 10. Re1 fxe4 11. Nxe4 Bg4 12. Nxf6+ Rxf6 13. Be2 e6 14.
Ng5 Bxe2 15. Rxe2 e5 16. c3 exd4 17. Qb3+ d5 18. Ne6 Qd6 19. Nxd4 Nxd4 20. cxd4
b6 21. Rae1 Raf8 22. Qa4 Qf4 23. Qd1 a6 24. a3 c6 25. b4 Qg4 26. Qd3 Rf5 27.
Rd2 Qf4 28. Ree2 b5 29. Qe3 Qc7 30. Re1 Rf4 31. Qe7 Qb6 32. Qc5 Qxc5 33. dxc5
Kg7 34. Re7+ R8f7 35. Re6 R4f6 36. Rde2 Rd7 37. Re8 d4 38. Rd2 Rf8 39. Re6 Rf6
40. Re4 d3 41. Re3 g5 42. Kf1 Kg6 43. Rdxd3 Rdf7 44. Rd6 Kg7 45. Rxf6 Kxf6 46.
Ke2 h5 47. Rf3+ Ke7 48. Rxf7+ Kxf7 49. Ke3 Ke6 50. Ke4 g4 51. h3 gxh3 52. gxh3
h4 53. Kf4 Kf6 54. Kg4 Ke5 55. f4+ Kf6 56. f5 Ke5 57. Kg5 Kd5 58. f6 Ke6 59.
Kg6 Kd5 60. f7 Ke5 61. f8=Q Kd4 62. Qd6+ Ke3 63. Kh5 Kf3 64. Qxc6+ Kg3 65. Qe6
a5 66. c6 axb4 67. Qe3+ Kg2 68. c7 bxa3 69. c8=Q Kf1 70. Qcc1+ Kg2 71. Qcg1# {
29:54 - ??:??} 1-0

[Event "30/move"]
[Site "?"]
[Date "2006.03.31"]
[Round "6"]
[White "Mephisto Modena"]
[Black "Mephisto Milano Pro"]
[Result "1-0"]
[WhiteElo "1983"]
[BlackElo "2124"]
[PlyCount "151"]
[EventDate "2006.03.31"]
[EventType "tourn (rapid)"]
[EventRounds "20"]
[EventCountry "NED"]
[SourceDate "2006.03.12"]

1. e4 c6 2. d4 d5 3. exd5 cxd5 4. c4 Nf6 5. Nc3 e6 6. Nf3 Be7 7. cxd5 Nxd5 8.
Bd3 Nc6 9. O-O O-O 10. Re1 Bf6 11. Be4 {Modena letzter Buchzug} Nce7 {
Milano Pro letzter Buchzug} 12. Bg5 ({RR} 12. h4 Nf5 13. Qd3 Nxc3 14. bxc3 h6
15. h5 Nd6 16. Ne5 Nxe4 17. Qxe4 Bxe5 18. dxe5 f5 19. Qe2 Bd7 20. Rd1 Bb5 21.
Qf3 Qe8 22. Bf4 Rc8 23. Rd4 Rc4 24. Rad1 Qf7 25. Rxc4 Bxc4 26. a3 Rc8 {
Anand,V-Karpov,A/Lausanne 1998/CBM 63/0-1 (49)}) 12... Bxg5 13. Nxg5 Nf6 ({RR} 
13... h6 14. Bh7+ Kh8 15. Bb1 Nf6 16. Nge4 Nxe4 17. Bxe4 Qb6 18. Qb3 Qxb3 19.
axb3 Rd8 20. Red1 Kg8 21. g3 Kf8 22. Ra5 a6 23. Raa1 Rb8 24. d5 exd5 25. Nxd5
Nxd5 26. Rxd5 Re8 27. Rd4 Be6 28. b4 {
Voiska,M-Prie,E/Saint Vincent 2003/CBM 92 ext/1/2-1/2 (59)}) 14. Rc1 $146 ({RR
} 14. Bf3 Ned5 15. Qd3 h6 16. Bxd5 exd5 17. Nf3 Qb6 18. b3 Be6 19. Na4 Qc7 20.
Nc5 Bg4 21. Ne5 b6 22. Na6 Qd6 23. Rac1 Rac8 24. f3 Rxc1 25. Rxc1 Rc8 26. Qd2
Be6 27. Re1 Bf5 28. Nb4 a5 {
Ljubojevic,L-Torre,E/Brussels 1987/CBM 02/1/2-1/2 (54)}) ({RR} 14. Qd3 Nxe4 15.
Qxe4 Nf5 16. Nf3 Qb6 17. Re2 Bd7 18. Rd1 Bc6 19. d5 Nd6 20. Qf4 Bxd5 21. Nxd5
exd5 22. Rxd5 Rad8 23. Red2 Nc8 24. Rxd8 Rxd8 25. Ne5 Nd6 26. h4 f6 27. Nc4
Nxc4 28. Qxc4+ Kh8 {
Franco Ocampos,Z-Rodriguez Lopez,R/Orense 2002/CBM 89 ext/1-0 (46)}) 14... Nxe4
15. Ngxe4 Nd5 16. Nxd5 exd5 17. Nc5 b6 18. Nd3 Bb7 19. Ne5 Re8 20. Qd3 f6 21.
Ng4 Rc8 22. Ne3 Rxc1 23. Rxc1 g6 24. h3 Kf7 25. b4 f5 26. a3 h6 27. Qb3 Kf6 28.
Qa4 a6 29. Qc2 Ba8 30. Qd3 b5 31. a4 Qd7 32. axb5 axb5 33. Rc5 Bc6 34. Qc2 Re6
35. Qb3 Rd6 36. Nd1 Re6 37. Nc3 Re1+ 38. Kh2 Ke6 39. g3 Qb7 40. Qc2 h5 41. Qd2
Ra1 42. Qh6 Kf6 43. Qf8+ Ke6 44. Qg8+ Kd7 45. Qxg6 Rf1 46. Qxf5+ Kc7 47. Kg2
Re1 48. Nxb5+ Kb6 49. Nd6 Qb8 50. Nc8+ Kb7 51. b5 Qxc8 52. bxc6+ Qxc6 53. Qh7+
Kb6 54. Rxc6+ Kxc6 55. f3 Ra1 56. Qxh5 Re1 57. Kf2 Re6 58. g4 Kd6 59. Kg3 Re1
60. h4 Re6 61. g5 Re1 62. f4 Re4 63. Qh6+ Re6 64. f5 Rxh6 65. gxh6 Ke7 66. h7
Kf6 67. h8=Q+ Kxf5 68. Qg7 Ke4 69. h5 Ke3 70. h6 Kd3 71. h7 Kc3 72. h8=Q Kd3
73. Qc7 Kd2 74. Qh2+ Kd3 75. Qhc2+ Kxd4 76. Q7c3# {??:?? - 44:08} 1-0

[Event "30/move"]
[Site "?"]
[Date "2006.03.31"]
[Round "7"]
[White "Mephisto Milano Pro"]
[Black "Mephisto Modena"]
[Result "1/2-1/2"]
[WhiteElo "2124"]
[BlackElo "1983"]
[PlyCount "156"]
[EventDate "2006.03.31"]
[EventType "tourn (rapid)"]
[EventRounds "20"]
[EventCountry "NED"]
[SourceDate "2006.03.12"]

1. d4 d5 2. c4 dxc4 3. Nf3 Nf6 4. e3 e6 5. Bxc4 c5 6. O-O cxd4 7. exd4 Nc6 8.
Nc3 Be7 9. Qe2 O-O 10. Rd1 Nb4 11. Bg5 Nbd5 12. Rac1 Nxc3 13. bxc3 Bd7 14. Ne5
{Milano Pro letzter Buchzug} Rc8 {Modena letzter Buchzug} 15. Bb3 $146 ({RR} 
15. Qf3 Bc6 16. Nxc6 Rxc6 17. Bb5 Rb6 18. c4 a6 19. Ba4 Rb4 20. Bb3 Rb6 21. Be3
Rc6 22. Ba4 Rc8 23. Qxb7 Ng4 24. Bf4 Bd6 25. Qf3 Bxf4 26. Qxf4 Nf6 27. h3 Qa5
28. Bb3 Rfd8 29. g4 Rc7 {
Alekhine,A-Hoenlinger,B/Vienna 1936/EXT 2001/1/2-1/2 (48)}) 15... h6 16. Bh4 b5
17. Bc2 Nd5 18. Qd3 f5 19. Bxe7 Nxe7 20. Qg3 a5 21. Bb3 a4 22. Bc2 Nd5 23. Bb1
Be8 24. c4 bxc4 25. Rxc4 Rxc4 26. Nxc4 Bh5 27. Re1 Qf6 28. Ne5 Ra8 29. Bd3 Nb4
30. Bc4 Nc2 31. Nd7 Qxd4 32. Bxe6+ Kh8 33. Qe5 Re8 34. Nc5 a3 35. h3 Qb2 36.
Qxb2 axb2 37. Rb1 Nd4 38. Bd7 Re2 39. Na4 Rd2 40. Kh1 Rxf2 41. Rxb2 Ne2 42.
Rb8+ Kh7 43. Nc5 Bf7 44. Be6 Kg6 45. Rb7 Bxe6 46. Nxe6 Kf6 47. Nxg7 Nf4 48.
Ne8+ Ke5 49. Rb5+ Ke6 50. Ng7+ Kf6 51. Nxf5 Rxa2 52. Nxh6 Nxg2 53. Kh2 Kg6 54.
Ng4 Ne3+ 55. Kg3 Nf5+ 56. Kf4 Ra4+ 57. Ke5 Kg5 58. Rb8 Ra5+ 59. Ke4 Kh4 60. Nf2
Nd6+ 61. Ke3 Ra3+ 62. Kf4 Ra4+ 63. Ke5 Nf7+ 64. Ke6 Ng5+ 65. Kf5 Ra5+ 66. Kf6
Ra6+ 67. Ke5 Ra5+ 68. Kd4 Kg3 69. Ne4+ Nxe4 70. Kxe4 Kxh3 71. Kf4 Ra4+ 72. Kf3
Kh4 73. Rg8 Kh3 74. Rh8+ Rh4 75. Rd8 Rc4 76. Rh8+ Rh4 77. Rf8 Rc4 78. Rh8+ Rh4
{Remis wg. 3-facher Zugwiederholung, 38:02 - ??:??} 1/2-1/2

[Event "30/move"]
[Site "?"]
[Date "2006.03.31"]
[Round "8"]
[White "Mephisto Modena"]
[Black "Mephisto Milano Pro"]
[Result "0-1"]
[WhiteElo "1983"]
[BlackElo "2124"]
[PlyCount "120"]
[EventDate "2006.03.31"]
[EventType "tourn (rapid)"]
[EventRounds "20"]
[EventCountry "NED"]
[SourceDate "2006.03.12"]

1. d4 Nf6 2. c4 e6 3. Nc3 Bb4 4. Nf3 c5 5. e3 O-O 6. Bd3 d5 7. O-O dxc4 8. Bxc4
Nbd7 9. Qe2 cxd4 10. exd4 b6 11. d5 Bxc3 ({RR} 11... Nc5 12. Rd1 Qe8 13. Nb5
exd5 14. Nc7 Qe4 15. Nxd5 Qxe2 16. Nxf6+ gxf6 17. Bxe2 Ba6 18. Bxa6 Nxa6 19.
Bh6 Rfd8 20. Nd4 Bf8 21. Bxf8 Kxf8 22. Nf5 Nc5 23. g3 Na4 24. b3 Nc3 25. Rxd8+
Rxd8 26. Kg2 {Conquest,S-Zaichik,G/Tbilisi 1988/TD/1/2-1/2 (42)}) 12. dxe6 {
Modena letzter Buchzug} Bb4 {Milano Pro letzter Buchzug} 13. exd7 Qxd7 14. Rd1
$146 ({RR} 14. a3 Bd6 15. Bg5 ({RR} 15. Rd1 Qc7 16. h3 Bb7 17. Be3 Rae8 18.
Rac1 Qb8 19. Bb5 Re7 20. Bc6 Bxc6 21. Rxc6 Bc5 22. Rxf6 gxf6 23. Nd4 Bxd4 24.
Rxd4 Qe5 25. Qf3 Kh8 26. Rd5 {1-0 Portisch,L-Karpov,A/San Antonio 1972/MCD})
15... Re8 16. Qd3 Bc5 17. Qb3 Bb7 18. Bxf6 gxf6 19. Rad1 Qc7 20. Bd5 Rad8 21.
Bxb7 Rxd1 22. Qxd1 Qxb7 23. Qd2 Qe4 24. h3 a5 25. Re1 Qa4 26. Rxe8+ Qxe8 27.
Nh2 h5 28. Nf1 Qe5 {
Portisch,L-Parma,B/Ljubljana/Portoroz 1973/EXT 98/1/2-1/2 (34)}) ({RR} 14. Ne5
{RR} Qe7 15. Nc6 Qxe2 16. Bxe2 Bc5 17. b4 Re8 18. Bf3 Bf8 19. Ne7+ Bxe7 20.
Bxa8 Bxb4 21. Bb2 Ba6 22. Bc6 Re2 23. Bd4 Bc4 24. Bf3 Rxa2 25. Rxa2 Bxa2 26.
Ra1 Bd5 27. Bxf6 Bxf3 28. Bd4 Bd5 29. Rxa7 {
Stuart,P-Green,P/New Zeeland 1987/EXT 97/1-0 (57)}) 14... Qc7 15. Ne5 Re8 16.
Bf4 Bg4 17. Nxg4 Qxf4 18. Nxf6+ Qxf6 19. Qc2 Rac8 20. Qa4 Bc5 21. Rd2 Qf4 22.
Rc2 Bxf2+ 23. Rxf2 Qxc4 24. Qxa7 b5 25. b3 Qd5 26. Raf1 f6 27. Rf5 Qd2 28. Rxb5
Rc2 29. Qb7 Qd4+ 30. Kh1 Rf2 31. Rc1 Qe3 32. Qd5+ Kh8 33. Qd1 Rxa2 34. Rf5 Re2
35. Rf1 h6 36. Qd7 Qxb3 37. Rc7 Qg8 38. Kg1 Rd8 39. Qg4 Rdd2 40. Rf5 Rxg2+ 41.
Qxg2 Rxg2+ 42. Kxg2 Qe6 43. Rfc5 Qg4+ 44. Kf2 Qh3 45. Kg1 Qe3+ 46. Kg2 Kh7 47.
Rc3 Qe2+ 48. Kg3 h5 49. h3 Kh6 50. R3c6 $4 h4+ 51. Kxh4 Qg2 52. Rxf6+ gxf6 53.
Rc5 Qf3 54. Rh5+ Qxh5+ 55. Kg3 Qf5 56. Kg2 {Modena gibt auf} Kg5 57. Kg3 Qf4+ {
# in 4} 58. Kg2 Kh4 59. Kh1 Kg3 60. Kg1 Qc1# {??:?? - 25:47} 0-1

[Event "30/move"]
[Site "?"]
[Date "2006.03.31"]
[Round "9"]
[White "Mephisto Milano Pro"]
[Black "Mephisto Modena"]
[Result "1-0"]
[WhiteElo "2124"]
[BlackElo "1983"]
[PlyCount "77"]
[EventDate "2006.03.31"]
[EventType "tourn (rapid)"]
[EventRounds "20"]
[EventCountry "NED"]
[SourceDate "2006.03.12"]

1. e4 e5 2. Nf3 Nc6 3. Bb5 a6 4. Ba4 Nf6 5. d4 exd4 6. O-O Be7 7. e5 Ne4 8.
Nxd4 Nxd4 9. Qxd4 Nc5 10. Nc3 {Milano Pro letzter Buchzug} O-O {
Modena letzter Buchzug} 11. f4 $146 ({RR} 11. Bf4 Ne6 12. Qe4 Nxf4 13. Qxf4 d5
14. exd6 Bxd6 15. Qf3 Qh4 16. h3 Qf4 17. Qxf4 Bxf4 18. Rad1 Bf5 19. Rfe1 Rad8
20. Nd5 Bd6 21. c3 Be6 22. Bb3 Rfe8 23. Ne3 Bxb3 24. axb3 Kf8 25. Kf1 Bc5 {
Puc,S-Nedeljkovic,S/Belgrade 1948/EXT 2000/1/2-1/2 (41)}) ({RR} 11. Rd1 d6 12.
Be3 Be6 ({RR} 12... Nxa4 13. Qxa4 Bd7 14. Qb3 Bc6 15. Bf4 Qc8 16. exd6 Bxd6 17.
Bxd6 cxd6 18. Nd5 Re8 19. Nb6 Qg4 20. Qg3 Qxg3 21. hxg3 Rad8 22. Rd2 Re6 23.
Nc4 b5 24. Ne3 g6 25. b3 Kf8 26. c4 bxc4 27. bxc4 {
Nay Oo Kyaw Tun-Irwanto,S/Surabaya 2002/CBM 89 ext/1/2-1/2 (40)}) ({RR} 12...
b5 13. Bb3 Nxb3 14. axb3 Bb7 15. Bf4 dxe5 16. Qxe5 Bd6 17. Qh5 g6 18. Qg4 Qc8
19. Qxc8 Raxc8 20. Bxd6 cxd6 21. Rd4 d5 22. f3 Rfe8 23. Kf2 Re6 24. Rc1 Kg7 25.
Rcd1 Rb6 26. R1d2 b4 27. Ne2 {Trupan,V-Estrin,Y/Moscow 1949/MCD/1/2-1/2 (46)})
13. Bb3 Nxb3 14. axb3 dxe5 {1/2-1/2 Motwani,P-Greenfeld,A/Thessaloniki 1988/TD}
) ({RR} 11. Re1 d6 12. Bf4 Ne6 13. Qe4 Nxf4 14. Qxf4 dxe5 15. Qxe5 Bd6 16. Qh5
g6 17. Qh6 Bf5 18. Rad1 Qf6 19. Nd5 Qg7 20. Qg5 h6 {
1/2-1/2 Blatny,F-Stulik,V/Podebrady 1956/MCD}) 11... Nxa4 12. Qxa4 Bc5+ 13. Kh1
d6 14. Ne4 b5 15. Qb3 Be6 16. Qg3 Bc4 17. Rd1 Bb6 18. b3 Be2 19. Rd2 d5 20.
Nf6+ Kh8 21. Nxd5 Ba5 22. b4 c6 23. Ne3 Bxb4 24. Rxd8 Raxd8 25. Bb2 Rg8 26. Nf5
Bc4 {Modena gibt auf} 27. e6 f6 28. a3 Bc5 29. Re1 h6 30. Qg6 Bd5 31. Nxh6 Rgf8
32. Nf5 Bxg2+ 33. Kxg2 {# in 7} Rd2+ 34. Kf3 Rf2+ 35. Kg3 Rg2+ 36. Kxg2 Rf7 37.
Qh5+ Kg8 38. exf7+ Kf8 39. Re8# {11:10 - ??:??} 1-0